000 00678nas a2200241 4500
001 BR7200213
003 BR-BrBNA
005 20231205082348.0
007 ta
008 230509b bl.|||p| |||| 00| 00por d
040 _aBR-BrBNA
_bpor
_cBiblioteca Nacional de Agricultura
041 _a(Pt)
072 _aP12
100 1 _aDreyer, G.C.
245 1 _aAspectos da irrigacao no Rio Grande do Sul [arroz]
650 _aIRRIGACAO
650 _aARROZ
650 _aCANAL
650 _aRIO GRANDE DO SUL
773 0 _tLavoura Arrozeira (Brazil)
_xISSN 0023-9143
_g(May 1972), v. 25(267) p. 28-34
_wBR7200213
909 _a202311
_bLúcia
_c55
_dLúcia Elande
942 _2AGRIS
_n0
_cANA
999 _c91188
_d91188